000 00452nam a2200181Ia 4500
001 20211
005 20260306172749.0
008 260306t2015||||xx |||||||||||||| ||spa||
041 _aESP
082 _a343
_bE386
100 _aEto Cruz, Gerardo
_eAUT
245 0 _aLas Sentencias Basicas del Tribunal Constitucional Peruano
260 _c2015
300 _a318 páginas :
_c24 cm.
650 _aGEN
654 _aCDE
942 _cLIB
_dJUS
_fJUS
_2ddc
_n
999 _c20211
_d20211